Statistics for Top 20 countries with COVID-19 by %

Click here to take the quiz!

General Stats

  • This quiz has been taken 50 times
    (6 since last reset)
  • The average score is 8 of 20

Answer Stats

%Answer% Correct
15.3USA
100%
16.9Belgium
60%
14.8Luxembourg
60%
16.9Netherlands
60%
19.4San Marino
60%
16United Kingdom
60%
26Andorra
40%
16.2Croatia
40%
21.9Czechia
40%
14.5Israel
40%
14.7Serbia
40%
14.3Slovakia
40%
21.3Slovenia
40%
17.3Estonia
20%
22.5Georgia
20%
18.5Lithuania
20%
25.5Montenegro
20%
15.6Bahrain
0%
16.8Maldives
0%
24Seychelles
0%

Score Distribution

Percentile by Number Answered

Percent of People with Each Score

Your Score History

You have not taken this quiz since the last reset